MARC

LEADER 00000nam0a2200000 4500
001 70032
005 20231101212503.0
035 |a (RuTPU)RU\TPU\book\74572 
035 |a RU\TPU\book\29312 
090 |a 70032 
100 |a 20041110d1988 m y0rusy50 ca 
101 0 |a rus 
102 |a RU 
105 |a а j 001zy 
200 1 |a Физические основы процесса резания и износа инструмента  |e учебное пособие  |f Н. В. Талантов  |g Волгоградский политехнический институт 
210 |c Машиностроение  |d 1988  |a Волгоград 
215 |a 129 с.  |c ил. 
320 |a Библиогр.: с. 127. 
610 1 |a резание металлов 
610 1 |a металлообработка 
610 1 |a физические основы 
610 1 |a режущие инструменты 
610 1 |a трение 
610 1 |a износ 
610 1 |a изнашивание 
675 |a 621.9.01(075.8)  |v 3 
675 |a 621.9.02.004.62(075.8)  |v 3 
700 1 |a Талантов  |b Н. В.  |g Николай Васильевич 
712 0 2 |a Волгоградский политехнический институт  |2 stltpush  |3 (RuTPU)RU\TPU\col\4581  |9 23999 
801 0 |a RU  |b 63413507  |c 20011209  |g PSBO 
801 2 |a RU  |b 63413507  |c 20050111  |g PSBO 
900 |a Теория резания 
942 |c BK